000 00300nam a2200121Ia 4500
008 190216s9999||||xx |||||||||||||| ||und||
100 _aGovinda Das
245 0 _aHindi - Sandan Ka Divaswapna
260 _b"Central Hindi Director , Newdelhi"
_c2002
300 _a120
650 _aHindi
942 _cBK
999 _c16099
_d16099